Surveyors in bribes scandal (Record no. 64251)

MARC details
000 -LEADER
fixed length control field 00870cam a2200229 4500
001 - CONTROL NUMBER
control field WB3630-30
008 - FIXED-LENGTH DATA ELEMENTS--GENERAL INFORMATION
fixed length control field 000000n2000 000 0 eng u
035 ## - SYSTEM CONTROL NUMBER
System control number (Sirsi) u107487
245 ## - TITLE STATEMENT
Title Surveyors in bribes scandal
260 ## - PUBLICATION, DISTRIBUTION, ETC.
Date of publication, distribution, etc. 2000
490 ## - SERIES STATEMENT
Series statement Sunday Business
Volume/sequential designation 30 July 2000, 7; 13 August 2000, 9
490 ## - SERIES STATEMENT
Series statement Times
Volume/sequential designation 1 August 2000, 20(2)
520 ## - SUMMARY, ETC.
Summary, etc. Surveying firm Edward Symmons and Partners have been caught up in a corruption scandal after two members of staff demanded bribes in return for contracts. The investigation by the Metropolitan Police Fraud Squad has been widened to include the Inland Revenue.
590 ## - LOCAL NOTE (RLIN)
Local note WB
650 ## - SUBJECT ADDED ENTRY--TOPICAL TERM
Topical term or geographic name entry element SURVEYING FIRMS
650 ## - SUBJECT ADDED ENTRY--TOPICAL TERM
Topical term or geographic name entry element EDWARD SYMMONS AND PARTNERS
650 ## - SUBJECT ADDED ENTRY--TOPICAL TERM
Topical term or geographic name entry element BRIBERY
650 ## - SUBJECT ADDED ENTRY--TOPICAL TERM
Topical term or geographic name entry element FRAUD
650 ## - SUBJECT ADDED ENTRY--TOPICAL TERM
Topical term or geographic name entry element MISCONDUCT
690 ## - LOCAL SUBJECT ADDED ENTRY--TOPICAL TERM (OCLC, RLIN)
Topical term or geographic name as entry element MANAGEMENT-BUSINESS MANAGEMENT-PROFESSIONAL PRACTICE
942 ## - ADDED ENTRY ELEMENTS (KOHA)
Suppress in OPAC 0
Holdings
Withdrawn status Lost status Source of classification or shelving scheme Damaged status Not for loan Home library Current library Shelving location Date acquired Total Checkouts Full call number Barcode Date last seen Copy number Price effective from Koha item type
    Dewey Decimal Classification     London London News article 02/08/2000   WB3630-30 107487-1001 06/08/2019 1 06/08/2019 News article